000 01025nam0a2200337 4500
001 RU\NLR\bibl\322348
005 20250621143015.0
010 _a5-93281-020-3
_9600
021 _aRU
_b2002-34060
_91672
035 _a(NLR Aleph) 000317377
090 _a75474
_c75474
100 _a20021016d2001 |||y0rusy50 ca
101 0 _arus
102 _aRU
105 _aa |||||||||
200 1 _aМелодии Уэлена. Тигрет
_e[Повесть]
_fЭрик Седаш
210 _aМ.
_cГео-МТ
_d2001
215 _a44 с.
_cил.
_d21
610 0 _aЧукотка (х. л.)
610 0 _aЧукчи (х. л.)
675 _a821.161.1-31Седаш
_v3
_zrus
686 _a17.82
_2rugasnti
686 _a84(2Рос-Рус)6-44
_2rubbk
686 _aШ6(2=Р)75-440.4{Лх-рс1028}
700 1 _aСедаш
_bЭ. Л.
_gЭрик Леонидович
_4070
801 0 _aRU
_bRKP
_c20021016
_gPSBO
801 1 _aRU
_bRKP
_c20021016
801 2 _aRU
_bNLR
_c20050907
_grcr
942 _cBOOK
980 _aNB